Open and shut case (Record no. 79662)

MARC details
000 -LEADER
fixed length control field 00898cab a22001935a 4500
001 - CONTROL NUMBER
control field L141942
008 - FIXED-LENGTH DATA ELEMENTS--GENERAL INFORMATION
fixed length control field 080116e20080111xxkad f s 000 0 eng d
035 ## - SYSTEM CONTROL NUMBER
System control number (Sirsi) u141942
041 0# - LANGUAGE CODE
Language code of text/sound track or separate title eng
100 1# - MAIN ENTRY--PERSONAL NAME
Personal name Phillips, Mike
245 00 - TITLE STATEMENT
Title Open and shut case
260 ## - PUBLICATION, DISTRIBUTION, ETC.
Date of publication, distribution, etc. 2008
490 #0 - SERIES STATEMENT
Series statement Property Week
Volume/sequential designation 72(2) 11 January 2008, 32-35(3)
520 ## - SUMMARY, ETC.
Summary, etc. Looks at how the fund management industry may cope with the economic downturn and how its actions will define property as an asset class. Reports that investors in open-ended funds are leaving the fund. At the same time managers of a number of close-ended funds may be terminated if the investors vote against rolling over. Forecasts 2008 to be the most difficult year since property funds began in the 1960s.
590 ## - LOCAL NOTE (RLIN)
Local note KA
651 #4 - SUBJECT ADDED ENTRY--GEOGRAPHIC NAME
Geographic name United Kingdom
Chronological subdivision
690 ## - LOCAL SUBJECT ADDED ENTRY--TOPICAL TERM (OCLC, RLIN)
Topical term or geographic name as entry element PROPERTY-COMMERCIAL PROPERTY-COMMERCIAL PROPERTY MARKET
942 ## - ADDED ENTRY ELEMENTS (KOHA)
Suppress in OPAC 0
Holdings
Withdrawn status Lost status Source of classification or shelving scheme Damaged status Not for loan Home library Current library Shelving location Date acquired Total Checkouts Full call number Barcode Date last seen Copy number Price effective from Koha item type
    Dewey Decimal Classification     London London Journal article 16/01/2008   L141942 141942-1001 06/08/2019 1 06/08/2019 Journal article